| 000 | 01906nam a2200373 c 4500 | ||
|---|---|---|---|
| 003 | BLK | ||
| 005 | 20240315005327.0 | ||
| 008 | 180409b bul|||||r ||||||| ||bul|| | ||
| 010 | _aKNG00117693000 | ||
| 020 |
_a954-91805-1-4 _bиздат.: Медиатама |
||
| 040 | _aBLK | ||
| 041 |
_aBUL _cBUL |
||
| 080 |
_aМеждународни политически отношения. Световна политика. Международна политика. Дипломация _b327 _x:911.3(100) _z327:911.3(100) |
||
| 080 |
_aОбщество (в цялост). Обществото като система. - Обществено развитие в цялост. Социология на отделните обществени системи _b316.32 _x _z316.32 |
||
| 080 |
_aМеждународни политически отношения. Световна политика. Международна политика. Дипломация _b327 _x(73) _z327(73) |
||
| 100 | 1 |
_aШмит, Хелмут _eпърви автор _9375973 |
|
| 139 |
_aШмит, Хелмут _bШ 78 |
||
| 245 | 1 | 0 |
_aСилите на бъдещето _bСветовните победители и губещи в утрешния свят _cХелмут Шмит. |
| 257 | _aDEU | ||
| 260 |
_аСофия _bМедиатама _c2006 |
||
| 300 |
_a239 с. _c22 см |
||
| 380 | _a3 | ||
| 500 | _aОриг. загл. Die Maechte der Zukunft / Helmut Schmidt. - Офс. изд. | ||
| 650 | 0 |
_aМеждународни отношения _9245477 |
|
| 650 | 4 |
_aМеждународна политика _9254556 |
|
| 653 | _aмеждународни отношения | ||
| 653 | _aполитика | ||
| 852 | _aЦб 227182 | ||
| 856 | 4 |
_qpdf _u |
|
| 856 | 4 |
_qpdf _u |
|
| 942 |
_cKNG _n0 _01 |
||
| 944 |
_aCR _c05.05.2006 _lCRON CRON _k |
||
| 944 |
_aED _c06.11.2014 _lф / _k |
||
| 999 |
_c112328 _d112328 |
||